MARC

LEADER 00000nam0a2200000 4500
001 294206
005 20231102000654.0
035 |a (RuTPU)RU\TPU\book\319261 
090 |a 294206 
100 |a 20150512d1984 m y0engy50 ba 
101 0 |a eng 
102 |a RU 
105 |a a z 001zy 
200 1 |a Practical english usage  |f M. Swan 
210 |a Moscow  |c Vyssaja Skola  |d 1984 
215 |a 664 p.  |c il. 
320 |a Index: p. 640-664 
510 1 |a Английский язык в современном употреблении  |z rus 
606 1 |a Английский язык  |2 stltpush  |3 (RuTPU)RU\TPU\subj\29049  |9 52461 
610 1 |a лексика 
610 1 |a грамматика 
610 1 |a разговорная речь 
610 1 |a практические упражнения 
686 |a Ш143.21  |v LBC/SL-A  |2 rubbk 
700 1 |a Swan  |b M.  |g Michael 
801 1 |a RU  |b 63413507  |c 20150512 
801 2 |a RU  |b 63413507  |c 20181122  |g RCR 
942 |c BK